Postupy interného audítora v oblasti dlhodobého hmotného majetku

Kontrolná akcia dlhodobého hmotného majetku interných audítorom, etapy kontrolnej akcie, cieľ.

Salvato in:
Dettagli Bibliografici
Autore principale: Kastlerová, Sylvia
Natura: Capitolo di libro
Lingua:slovacco
Soggetti:
Tags: Aggiungi Tag
Nessun Tag, puoi essere il primo ad aggiungerne!!

MARC

LEADER 00000naa$a2200000$$$4500
001 0113887
005 20240502072251.8
041 0 |a slo 
044 |a SK 
245 1 0 |a Postupy interného audítora v oblasti dlhodobého hmotného majetku  |c Sylvia Kastlerová 
520 |a Kontrolná akcia dlhodobého hmotného majetku interných audítorom, etapy kontrolnej akcie, cieľ. 
610 2 0 |a majetok dlhodobý 
610 2 0 |a majetok hmotný 
610 2 0 |a kontrola 
610 2 0 |a audit interný 
100 1 |a Kastlerová, Sylvia